Linear control systems : A computer aided approach /

Salvato in:
Dettagli Bibliografici
Autori principali: Jamshidi, Mohammad (Autore), Malek-Zavarei, M (Autore)
Natura: Libro
Lingua:inglese
Pubblicazione: Oxford : Pergamon Press, 1986
Edizione:1.vyd.
Tags: Aggiungi Tag
Nessun Tag, puoi essere il primo ad aggiungerne!!

MARC

LEADER 00000nam a22000003a 4500
001 stu7624
005 20150617225806.6
008 950331s1986----uk------------------eng-d
040 |a STU  |b slo 
041 0 |a eng 
044 |a uk 
080 |a 517.935.2 
080 |a 681.511.2.015 
100 1 |a Jamshidi, Mohammad  |4 aut 
245 1 |a Linear control systems :  |b A computer aided approach /  |c [aut.] Jamshidi,M.; Malek-Zavarei,M 
250 |a 1.vyd. 
260 |a Oxford :  |b Pergamon Press,  |c 1986 
300 |a 622 s 
700 1 |a Malek-Zavarei, M  |4 aut 
996 |b E61828  |c E*61828  |l EE30  |s P  |a 0  |w stu7624_0001